000 00634nam a2200241 i 4500
001 C2-0110858
003 PPAK
005 20180727103230.0
008 970628s1988 my a|||| ||||| | may d
020 _a967946279X
040 _aPPAK
_beng
_cPPAK
_erda
082 0 4 _a398.2
_223
090 0 0 _a398.2
_bNUR
_dK
100 0 _aNurhalim Ismail,
_eauthor
245 1 0 _aPermata di hujung lembah
264 1 _aKuala Lumpur :
_bTeks Pub. ,
_c1988
300 _a68 pages :
_billustrations ;
_c18 cm
336 _2rdacontent
_atext
337 _2rdamedia
_aunmediated
338 _2rdacarrier
_avolume
650 1 0 _aTales
942 _ddc
_cB
999 _c27545
_d27545